000
00284nam a22001217a 4500
008
170329b xxu||||| |||| 00| 0 eng d
041
_a
eng
080
_2
4 ED
_a
616-053.2
100
_a
8
101
_a
SHM
245
_a
EDUCATIONAL REWIEW MANUAL PEDIATRICS
_c
LEMBO.R.M
942
_2
udc
_c
BK
999
_c
9027
_d
9027